000 00672nam a2200241 i 4500
001 C2-0259201
003 PPAK
005 20180727225610.0
008 041007s1999 nyu |||| ||||| | eng d
020 _a0816039127
040 _aPPAK
_beng
_cPPAK
_erda
082 0 4 _a530.03
_223
090 0 0 _a530.03
_bFAC
_dR
245 0 4 _aThe facts on file dictionary of physics
264 1 _aNew York :
_bCheckmark Books ,
_c1999
300 _a250 pages ;
_c23 cm
336 _2rdacontent
_atext
337 _2rdamedia
_aunmediated
338 _2rdacarrier
_avolume
650 1 0 _aPhysics - Dictionaries
700 1 _aDaintinth, John ; Clark, John O.E.,
_eeditor
942 _ddc
_cB
999 _c70624
_d70624